00719nam a2200145Ia 4500008004100000020001800041100001900059245010600078260003900184650001700223650017500240856004500415999001900460952009400479171212s9999 xx 000 0 und d a9780870819476 aFreeman, L. G. cFreeman, L. G.aAnthropology without InformantsbCollected Works in Paleoanthropology by L.G. Freeman bUniversity Press of Coloradoc2009 aAnthropology aPaleolithic period -- Spain; Anthropology, Prehistoric -- Spain; Paleoanthropology -- Spain; Antiquities, Prehistoric -- Spain; Freeman, Leslie G. -- Literary collections uwww.jstor.org/stable/10.2307/j.ctt46ntrt c353032d353032 001040aCLbCLd2017-12-12l0oGN772.22.S7F74 2009r2017-12-12 00:00:00w2017-12-12yCBE